Nomenclátor de las ciudades, villas, lugares, aldeas y demás entidades de población de España / formado por la Dirección General del Instituto Geográfico, Catastral y de Estadística, con referencia al 31 de diciembre de 1930
Descripción Física:
20 v. ; 34 cm
MARC
| LEADER | 00000nam a2200000Ia 4500 | ||
|---|---|---|---|
| 001 | 9884, 9885, 9886, 9887, 9888, 9889, 9890, 9891, 9892, 9893, 9894, 9895, 9896, 9897, 9898, 9899, 9900, 9901, 9902, 9903 | ||
| 003 | BGR | ||
| 005 | 20260410113637.0 | ||
| 008 | 160829s1933 xx 000 0 cat d | ||
| 080 | |a FOL-1-101, FOL-1-102, FOL-1-103, FOL-1-104, FOL-1-105, FOL-1-106, FOL-1-107, RF-11-2, RF-11-3, RF-11-4, RF-11-5, RF-11-6, RF-11-7, RF-11-8, RF-11-9, RF-11-10, RF-11-11, RF-11-12, RF-11-13, RF-11-14 | ||
| 110 | 1 | |a Instituto Geográfico, Catastral y de Estadística (Espanya) |9 71156 | |
| 245 | |a Nomenclátor de las ciudades, villas, lugares, aldeas y demás entidades de población de España / formado por la Dirección General del Instituto Geográfico, Catastral y de Estadística, con referencia al 31 de diciembre de 1930 | ||
| 260 | |a Madrid : |b (Imp. J. Pueyo), |c 1933 | ||
| 300 | |a 20 v. ; |c 34 cm | ||
| 590 | |a Conté: v. 1: Provincia de Barcelona, v. 2: Ciudad Real, v. 3: Córdoba, v. 4: La Coruña, v. 5: Gerona, v. 6: Guadalajara, v. 7: Huelva, v. 8: Logroño, v. 9: Jaén, v. 10: Lugo, v. 11: Murcia, v. 12: Orense, v. 13: Oviedo, v. 14: Palencia, v. 15: Pontevedra, v. 16: Segovia, v. 17: Sevilla, v. 18: Soria, v. 19: Tarragona, v. 20: Vizcaya | ||
| 650 | |a Topònims |x Espanya |x Estadístiques |9 38751 | ||
| 650 | |a Edificis |x Espanya |x Estadístiques |9 38752 | ||
| 650 | |a Espanya |x Població |x Estadístiques |9 38753 | ||
| 856 | 4 | |u https://media.diba.cat/diba/fitxers/arxiu/fulletons/bib_9903_1933_baixa.pdf |y Vizcaya | |
| 856 | 4 | |u https://media.diba.cat/diba/fitxers/arxiu/fulletons/bib_9902_1933_baixa.pdf |y Tarragona | |
| 856 | 4 | |u https://media.diba.cat/diba/fitxers/arxiu/fulletons/bib_9901_1933_baixa.pdf |y Soria | |
| 856 | 4 | |u https://media.diba.cat/diba/fitxers/arxiu/fulletons/bib_9900_1933_baixa.pdf |y Sevilla | |
| 856 | 4 | |u https://media.diba.cat/diba/fitxers/arxiu/fulletons/bib_9899_1933_baixa.pdf |y Segovia | |
| 856 | 4 | |u https://media.diba.cat/diba/fitxers/arxiu/fulletons/bib_9897_1933_baixa.pdf |y Palencia | |
| 856 | 4 | |u https://media.diba.cat/diba/fitxers/arxiu/fulletons/bib_9892_1933_baixa.pdf |y Logroño | |
| 856 | 4 | |u https://media.diba.cat/diba/fitxers/arxiu/fulletons/bib_9891_1933_baixa.pdf |y Jaén | |
| 856 | 4 | |u https://media.diba.cat/diba/fitxers/arxiu/fulletons/bib_9890_1933_baixa.pdf |y Huelva | |
| 856 | 4 | |u https://media.diba.cat/diba/fitxers/arxiu/fulletons/bib_9889_1933_baixa.pdf |y Guadalajara | |
| 856 | 4 | |u https://media.diba.cat/diba/fitxers/arxiu/fulletons/bib_9888_1933_baixa.pdf |y Gerona | |
| 856 | 4 | |u https://media.diba.cat/diba/fitxers/arxiu/fulletons/bib_9886_1933_baixa.pdf |y Córdoba | |
| 856 | 4 | |u https://media.diba.cat/diba/fitxers/arxiu/fulletons/bib_9885_1933_baixa.pdf |y Ciudad Real | |
| 856 | 4 | |u https://media.diba.cat/diba/fitxers/arxiu/fulletons/bib_9903_1933_baixa.pdf |y Vizcaya | |
| 856 | 4 | |u https://media.diba.cat/diba/fitxers/arxiu/fulletons/bib_9902_1933_baixa.pdf |y Tarragona | |
| 856 | 4 | |u https://media.diba.cat/diba/fitxers/arxiu/fulletons/bib_9901_1933_baixa.pdf |y Soria | |
| 856 | 4 | |u https://media.diba.cat/diba/fitxers/arxiu/fulletons/bib_9900_1933_baixa.pdf |y Sevilla | |
| 856 | 4 | |u https://media.diba.cat/diba/fitxers/arxiu/fulletons/bib_9899_1933_baixa.pdf |y Segovia | |
| 856 | 4 | |u https://media.diba.cat/diba/fitxers/arxiu/fulletons/bib_9897_1933_baixa.pdf |y Palencia | |
| 856 | 4 | |u https://media.diba.cat/diba/fitxers/arxiu/fulletons/bib_9892_1933_baixa.pdf |y Logroño | |
| 856 | 4 | |u https://media.diba.cat/diba/fitxers/arxiu/fulletons/bib_9891_1933_baixa.pdf |y Jaén | |
| 856 | 4 | |u https://media.diba.cat/diba/fitxers/arxiu/fulletons/bib_9890_1933_baixa.pdf |y Huelva | |
| 856 | 4 | |u https://media.diba.cat/diba/fitxers/arxiu/fulletons/bib_9889_1933_baixa.pdf |y Guadalajara | |
| 856 | 4 | |u https://media.diba.cat/diba/fitxers/arxiu/fulletons/bib_9888_1933_baixa.pdf |y Gerona | |
| 856 | 4 | |u https://media.diba.cat/diba/fitxers/arxiu/fulletons/bib_9886_1933_baixa.pdf |y Córdoba | |
| 856 | 4 | |u https://media.diba.cat/diba/fitxers/arxiu/fulletons/bib_9885_1933_baixa.pdf |y Ciudad Real | |
| 900 | |a bib_9885_1933_baixa.pdf | ||
| 900 | |a bib_9886_1933_baixa.pdf | ||
| 900 | |a bib_9888_1933_baixa.pdf | ||
| 900 | |a bib_9889_1933_baixa.pdf | ||
| 900 | |a bib_9890_1933_baixa.pdf | ||
| 900 | |a bib_9892_1933_baixa.pdf | ||
| 900 | |a bib_9891_1933_baixa.pdf | ||
| 900 | |a bib_9897_1933_baixa.pdf | ||
| 900 | |a bib_9899_1933_baixa.pdf | ||
| 900 | |a bib_9900_1933_baixa.pdf | ||
| 900 | |a bib_9901_1933_baixa.pdf | ||
| 900 | |a bib_9902_1933_baixa.pdf | ||
| 900 | |a bib_9903_1933_baixa.pdf | ||
| 901 | |a Arxiu | ||
| 942 | |n 1 |2 udc |c MON | ||
| 952 | |0 0 |1 0 |4 0 |6 FOL1101_FOL1102_FOL1103_FOL1104_FOL1105_FOL1106_FOL1107_RF112_RF113_RF114_RF115_RF116_RF117_RF118_RF119_RF1110_RF1111_RF1112_RF1113_RF1114 |7 1 |9 48579 |a Arxiu |b Arxiu |d 2016-12-01 |l 0 |o FOL-1-101, FOL-1-102, FOL-1-103, FOL-1-104, FOL-1-105, FOL-1-106, FOL-1-107, RF-11-2, RF-11-3, RF-11-4, RF-11-5, RF-11-6, RF-11-7, RF-11-8, RF-11-9, RF-11-10, RF-11-11, RF-11-12, RF-11-13, RF-11-14 |p 9884, 9885, 9886, 98 |r 2016-12-01 00:00:00 |w 2016-12-01 |y ARXIU | ||
| 999 | |c 52409 |d 52409 | ||